01058cam a22002651a 4500001001300000003000400013005001700017008004100034010001700075035001900092040002100111042001200132050001700144100005600161245021100217260003100428300003300459490002300492500011900515500002600634650002600660700002100686830006800707999001700775gs 24000037 DLC20260227111328.0761116s1923 ncuab s000 0 eng  ags 24000037  a(OCoLC)2560244 aDLCcOTdNcdDLC apremarc00aTN805.N8bC31 aCampbell, Marius R.q(Marius Robinson),d1858-1940.14aThe Deep River coal field of North Carolina /cby Marius R. Campbell and Kent W. Kimball ; prepared by United States Geological survey, in cooperation with the North Carolina Geological and Economic Survey. a[Chapel Hill, N.C.,c1923] a95 p. :bill., map ;c26 cm.1 aBulletin ;vno. 33 aAt head of title: North Carolina Geological and economic survey. Joseph Hyde Pratt, director and state geologist. aMap folded in pocket. 0aCoalzNorth Carolina.1 aKimball, Kent W. 0aBulletin (North Carolina. Geological Survey Section) ;vno. 33. c26292d26292